000
00196 a2200097 4500
001
482
100
_a
Obert,EF
245
_a
Elements of Thermodynamics
260
_a
_b
MicGraw
_c
090
_c
98
_d
98
942
_a
NUST-CAE
_c
M
_c
36710
999
_c
235555
_d
235555